000 00852nam a2200265Ia 4500
003 OSt
005 20220918170707.0
006 a|||||r|||| 00| 0
007 ta
008 220917b |||||||| |||| 00| 0 eng d
020 _a9780415585668 (hbk)
_c695
024 _a243,442
037 _b38, 22/07/2010, Sunrise Books
_cTextual
040 _aARTS
_cARTS
_beng
041 _2eng
_aeng
082 _aQ.2, Q0
100 _aMahajan Gurpreet Ed.
_930398
245 0 _aReligion,community and devleopment
_b Changing contours of politics and policy in India
260 _aLondon
_bRoutledge UK
_c2010
300 _axii,336p
_ccm.
650 _aRELIGION
700 _a Jodhka Surinder S. Ed.
_930399
942 _hQ.2, Q0
_cTEXL
_2CC
999 _c135179
_d135179